00912nam a22001817a 450000500170000000800410001702000180005805000130007610000180008924500650010726000400017230000300021250000240024250503140026665000540058065000500063465000460068420210414113930.0120426t xxu||||| |||| 00| 0 eng d a9780763773373 aQ336.J38 aJones, M. Tim aArtificial intelligence: a systems approach. /cM. Tim Jones aBoston:bJones and Bartlett,c2009. a498 p.:bill,;c25cm.eCD aIncludes and index aContents: The history of AI -- Uniformed search -- Informed search -- AI and games -- Knowledge representation -- Machine learning -- Evolutionary computation -- Neural networks I -- Neural networks II -- Robotics and AI -- Intelligent agents -- Biologically inspired and hybrid models -- The Language of AI. aArtificial Intelligence xInformation Technology. aArtificial intelligence xMathematical models aArtificial intelligence xData processing